00985nac a22002897a 4500001001000000003000900010005001700019008003400036040005400070072000800124110007700132245019200209260003600401300001100437490009100448500001100539650001700550650002300567650001300590650001000603650001000613650002400623650001200647650001500659650001200674650000900686BR8005300BR-BrBNA20240105114756.0230509b bl.|||m| |||| 00| 0 por d aBR-BrBNAbporcBiblioteca Nacional de Agricultura aF101 aDepartamento Nacional de Aguas e Energia Eletrica, Brasilia, DF (Brasil)1 aBacia do Atlantico Norte - Nordeste (dados atualizados ate 1975)[fluviometria, bacia hidrografica, Maranhao, Piaui, Ceara, Rio Grande do Norte, Paraiba, Pernambuco, Alagoas, Para, Brasil]3 aBrasilia, DF (Brasil): c1980.  a910 p. aBoletim Fluviometrico - Departamento Nacional de Aguas e Energia Eletrica (Brazil)vx a1 Map. aFLUVIOMETRIA aBACIA HIDROGRAFICA aMARANHAO aPIAUI aCEARA aRIO GRANDE DO NORTE aPARAIBA aPERNAMBUCO aALAGOAS aPARA